| 000 | 00366nam a22001337a 4500 | ||
|---|---|---|---|
| 005 | 20200706095425.0 | ||
| 008 | 200706b xxu||||| |||| 00| 0 eng d | ||
| 082 | _a345.4 AIR | ||
| 110 |
_aALL INDIA REPORTER _96281 |
||
| 245 | _aALL INDIA REPORTER 1965 [ V-52] GUJRAT SECTION | ||
| 260 |
_aBOMBAY _bALL INDIA REPORTER Pvt. _c1965 |
||
| 650 |
_aLAW _95701 |
||
| 942 | _cJRL | ||
| 999 |
_c7397 _d7395 |
||